000 00512nam a22001937a 4500
999 _c3021
_d3021
003 OSt
005 20231218143500.0
008 230922b ||||| |||| 00| 0 eng d
020 _a9789672190189
040 _cKH8
082 _a400 OTH
100 _aSyahril Othman,
_eauthor.
245 _aMalay IGCSE Workbook A & BVolume 5 /
_cSyahril Othman.
250 _aSecond edition
260 _aMalaysia.
650 _aMalay language
_vMalay grammar
650 _aMalay language
_vForeign language
942 _2ddc
_cTR